<?xml version="1.0" encoding="UTF-8"?>
<record
    xmlns:xsi="http://www.w3.org/2001/XMLSchema-instance"
    xsi:schemaLocation="http://www.loc.gov/MARC21/slim http://www.loc.gov/standards/marcxml/schema/MARC21slim.xsd"
    xmlns="http://www.loc.gov/MARC21/slim">

  <leader>01203nam a22002057a 4500</leader>
  <datafield tag="999" ind1=" " ind2=" ">
    <subfield code="c">6659</subfield>
    <subfield code="d">6659</subfield>
  </datafield>
  <controlfield tag="003">AR-CdUCM</controlfield>
  <controlfield tag="008">190318b           ||||| |||| 00| 0 spa d</controlfield>
  <datafield tag="040" ind1=" " ind2=" ">
    <subfield code="a">MUNICIPALIDAD PROVINCIAL DEL CUSCO</subfield>
    <subfield code="c">BIBLIOTECA MUNICIPAL DEL CUSCO</subfield>
  </datafield>
  <datafield tag="082" ind1=" " ind2=" ">
    <subfield code="a">973.09 /</subfield>
    <subfield code="b">S74</subfield>
  </datafield>
  <datafield tag="100" ind1=" " ind2=" ">
    <subfield code="a">Spencer, J. A</subfield>
  </datafield>
  <datafield tag="245" ind1=" " ind2=" ">
    <subfield code="a">Historia de los Estados Unidos /</subfield>
  </datafield>
  <datafield tag="260" ind1=" " ind2=" ">
    <subfield code="a">Barcelona :</subfield>
    <subfield code="b">Montaner y Sim&#xF3;n editores,</subfield>
  </datafield>
  <datafield tag="300" ind1=" " ind2=" ">
    <subfield code="a">3 tomos ;</subfield>
    <subfield code="c">32 cm.</subfield>
  </datafield>
  <datafield tag="505" ind1=" " ind2=" ">
    <subfield code="a">Contenido :t.1. Primitivos viajes y descubrimientos -- Los abor&#xED;genes de Am&#xE9;rica -- Tentativas de colonizaci&#xF3;n llevadas a cabo por los ingleses -- Colonizaci&#xF3;n de la Virginia -- Virginia y Maryland -- t.2 Sucesos de la guerra durante 1779 -- La campa&#xF1;a de 1780 -- El a&#xF1;o decisivo de la guerra -- Conclusi&#xF3;n de la guerra revolucionaria -- Se adopta la constituci&#xF3;n t.3 Fin de la presidencia de Madison -- Acontecimientos durante 1819-1822 -- Fin de la administraci&#xF3;n de Monroe -- Fin de la administraci&#xF3;n de Jakcson -- Administraci&#xF3;n de Harrison y Tyler ...</subfield>
  </datafield>
  <datafield tag="650" ind1=" " ind2=" ">
    <subfield code="a">Historia de los EE.UU</subfield>
    <subfield code="9">18738</subfield>
  </datafield>
  <datafield tag="650" ind1=" " ind2=" ">
    <subfield code="a">Leyes americanas</subfield>
    <subfield code="9">18739</subfield>
  </datafield>
  <datafield tag="700" ind1=" " ind2=" ">
    <subfield code="a">Verneuill, D, Enrique Leopoldo de (traductor)</subfield>
    <subfield code="9">18740</subfield>
  </datafield>
  <datafield tag="942" ind1=" " ind2=" ">
    <subfield code="2">ddc</subfield>
    <subfield code="c">LIBROS</subfield>
  </datafield>
  <datafield tag="945" ind1=" " ind2=" ">
    <subfield code="a">rum</subfield>
  </datafield>
  <datafield tag="952" ind1=" " ind2=" ">
    <subfield code="0">0</subfield>
    <subfield code="2">ddc</subfield>
    <subfield code="4">0</subfield>
    <subfield code="7">0</subfield>
    <subfield code="a">SH</subfield>
    <subfield code="b">SH</subfield>
    <subfield code="c">CART</subfield>
    <subfield code="d">2019-03-18</subfield>
    <subfield code="g">130.00</subfield>
    <subfield code="o">973.09 / S74 / t.1</subfield>
    <subfield code="p">SH0000007937</subfield>
    <subfield code="r">2019-03-18</subfield>
    <subfield code="y">LIBROS</subfield>
  </datafield>
  <datafield tag="952" ind1=" " ind2=" ">
    <subfield code="0">0</subfield>
    <subfield code="2">ddc</subfield>
    <subfield code="4">0</subfield>
    <subfield code="7">0</subfield>
    <subfield code="a">SH</subfield>
    <subfield code="b">SH</subfield>
    <subfield code="c">CART</subfield>
    <subfield code="d">2019-03-18</subfield>
    <subfield code="g">130.00</subfield>
    <subfield code="o">973.09 / S74 / t.2</subfield>
    <subfield code="p">SH0000007938</subfield>
    <subfield code="r">2019-03-18</subfield>
    <subfield code="y">LIBROS</subfield>
  </datafield>
  <datafield tag="952" ind1=" " ind2=" ">
    <subfield code="0">0</subfield>
    <subfield code="2">ddc</subfield>
    <subfield code="4">0</subfield>
    <subfield code="7">0</subfield>
    <subfield code="a">SH</subfield>
    <subfield code="b">SH</subfield>
    <subfield code="c">CART</subfield>
    <subfield code="d">2019-03-18</subfield>
    <subfield code="g">130.00</subfield>
    <subfield code="o">973.09 / S74 / t.3</subfield>
    <subfield code="p">SH0000007939</subfield>
    <subfield code="r">2019-03-18</subfield>
    <subfield code="y">LIBROS</subfield>
  </datafield>
</record>
